000 00442nam a2200169 a 4500
001 0000-8743
003 ELIB.Books
008 110520 1986
035 _a(ELIB.Books)0000-8889
082 _a230
_bD'
100 _aD' Costa, Gavin
245 _aTheology and Religious Pluralism
260 _bNew York: Basil Blackwell
_c1986
650 _aTheology
942 _2ddc
_cBK
998 _cbat
_e2011-05-20
_mcat
_u2019-06-03
999 _c8743
_d8743